000 01052nam a2200289 a 4500
001 53259
003 BD-RjUL
005 20211209075931.0
008 161004s1968 enkac b 001 0 eng
020 _a0520052560
035 _a(BD-RjUL) 53379
040 _aDLC
_cDLC
_dDLC
_dBD-RjUL
_beng
041 _aeng
082 0 0 _a709.04
_223
_bCHT 1968
100 1 _aChipp, Herschel Browning,
_9159194
245 1 0 _aTheories of modern art :
_ba source book by artists and critics /
_c[by] Herschel B. Chipp [with] contributions by Peter Selz and Joshua C. Taylor.
260 _aBerkeley :
_bUniversity of California Press,
_cc1968 [renewed 1996]
300 _axv, 664 p. :
_bill. ;
_c26 cm.
500 _aInclude index
650 0 _aArt, Modern
_y19th century
_xHistory.
_9159196
650 0 _aArt, Modern
_y20th century
_xHistory.
_9159197
700 1 _aSelz, Peter Howard,
_d1919-
_9159198
700 1 _aTaylor, Joshua Charles,
_d1917-
_9159199
942 _2ddc
_cBK
999 _c53259
_d53259